Normal view
MARC view
Entry Topical Term
001 - CONTROL NUMBER
- control field: 755220
003 - CONTROL NUMBER IDENTIFIER
- control field: OSt
005 - DATE AND TIME OF LATEST TRANSACTION
- control field: 20250507130334.0
008 - FIXED-LENGTH DATA ELEMENTS
- fixed length control field: 250507|| aca||aabn | a|a d
040 ## - CATALOGING SOURCE
- Original cataloging agency: OSt
- Transcribing agency: OSt
150 ## - HEADING--TOPICAL TERM
- Topical term or geographic name entry element: JEL; Hirata School
670 ## - SOURCE DATA FOUND
- Source citation: Work cat.: (OSt)1319104: Mcnally Mark Au. 665059, Proving the way:conflict and practice in the history of Japanese Nativism, 2005
